000 00270nam a2200097Ia 4500
001 1002885
005 20250826230439.0
008 250824s9999 xx 000 0 und d
245 0 _aMYRİAD LİSESİ HANNAH NEYİ BİLMİYOR
_cCARLY WİLSON
260 _bHEP KİTAP YAYINLARI
999 _c1002885
_d1002885